Gramática Castellana. Obra inédita dada a luz con un Prólogo i anotaciones por Miguel Luis Amunátegui Reyes
Na minha lista:
| Autor principal: | |
|---|---|
| Formato: | Livro |
| Idioma: | espanhol |
| Publicado em: |
Santiago
Minerva
1900
|
| Edição: | 1a. ed |
| Assuntos: | |
| Tags: |
Adicionar Tag
Sem tags, seja o primeiro a adicionar uma tag!
|
MARC
| LEADER | 00000nam a2200000 a 4500 | ||
|---|---|---|---|
| 001 | UCJ6951 | ||
| 003 | CL-VaPUC | ||
| 008 | 070124e19000000CL |||||||||||||||||spa|d | ||
| 082 | 0 | 4 | |a 465 |b BEL |2 21 |
| 100 | 0 | |a Bello, Andrés |e author |9 514643 | |
| 245 | 1 | 0 | |a Gramática Castellana. Obra inédita dada a luz con un Prólogo i anotaciones por Miguel Luis Amunátegui Reyes |
| 250 | |a 1a. ed | ||
| 300 | |a 114 p | ||
| 942 | |c BK | ||
| 945 | |d 20070124 00:00:00 |a rinostro | ||
| 260 | |a Santiago |b Minerva |c 1900 | ||
| 600 | 0 | |a Amunátegui Reyes, Miguel Luis |9 342446 | |
| 650 | 7 | |a GRAMATICA CASTELLANA |2 CL-VaPUC |9 514644 | |
| 650 | 0 | |a Lexicografía |9 321487 | |
| 583 | |a last modification |c 20070124 00:00:00 |k Rodrigo Vera | ||
| 999 | |c 323053 |d 323051 | ||
| 952 | |0 0 |1 0 |4 0 |6 465_000000000000000_BEL_1900 |7 0 |8 X |9 402296 |a FDOBUD |b FDOBUD |d 2019-11-22 |i 1055526 |o 465 BEL 1900 |p 1055526 |r 2019-11-22 |w 2019-11-22 |y BK_X |k BUD | ||